000 00395nam a2200169Ia 4500
003 GCL
008 140319s9999 xx 000 0 eng d
040 _aGCL /
_cGCL
082 0 4 _a843
_bP M
100 1 _aPLANTU
245 1 0 _aCA MANQUE DE FEMMES! /
_cPLANTU
260 _a[S.N] :
_bFOLIO ،
_c1991
300 _a181
650 0 4 _aLITERATURE
650 0 4 _aFRENCH LITERATURE
942 _2ddc
_cBK
999 _c21922
_d21922